| 000 | 01495cam a2200409 i 4500 | ||
|---|---|---|---|
| 001 | 29057 | ||
| 003 | KOSZ 005 | ||
| 005 | 20200930123512.0 | ||
| 008 | 950707s1989 pl a f |000 0 pol | ||
| 040 |
_cKOSZ 005 _aKOSZ 005 _dKOSZ 005/HR |
||
| 041 |
_apol _beng _bros |
||
| 046 | _k1989 | ||
| 080 | _a539.3 | ||
| 080 | _a548 | ||
| 080 | _a620.18 | ||
| 100 | 1 |
_aKurzydłowski, Krzysztof Jan _d(1954- ) _eAutor |
|
| 245 | 0 | 0 |
_aGeometryczne aspekty odkształcenia plastycznego polikryształów o sieci regularnej / _cKrzysztof J.Kurzydłowski. |
| 260 |
_aWarszawa : _b Wydawnictwa Politechniki Warszawskiej, _c1989. |
||
| 300 |
_a98 s. : _brys. ; _c24 cm. |
||
| 336 |
_2rdacontent _aTekst _btxt |
||
| 337 |
_2rdamedia _aBez urządzenia pośredniczącego _bn |
||
| 338 |
_2rdacarrier _aWolumin _bnc |
||
| 380 | _aKsiążki | ||
| 380 | _aPublikacje naukowe | ||
| 388 | _a1901-2000 | ||
| 388 | _a1989-2000 | ||
| 490 | 1 |
_a Prace Naukowe / Politechnika Warszawska. Mechanika, _xI0137-2335 ; _vz. 130. |
|
| 504 | _aBibliogr. s. 90-95 | ||
| 546 | _aStreszcz. ang., ros. | ||
| 650 | 4 | _aPolikryształy | |
| 650 | 4 | _aNaprężenia i odkształcenia | |
| 658 | _aInżynieria i technika | ||
| 710 | 2 |
_aWydawnictwa Politechniki Warszawskiej _4pbl |
|
| 830 | 0 |
_aPrace Naukowe - Politechnika Warszawska. _pMechanika ; _vz. 130 |
|
| 856 |
_uhttp://koha.tu.koszalin.pl/cgi-bin/koha/opac-detail.pl?biblionumber=29057 _yKatalog online BPK |
||
| 942 |
_cKS _2UKD |
||
| 999 |
_c29057 _d29057 |
||